000
00318nam a2200121Ia 4500
008
191201s2006 xx 000 0 und d
100
_a
RAMACHANDRAN, S
245
0
_a
Ambedkar 's Versatile Contributions
260
_a
N. delhi
_b
Ambedkar Centre Chennai
_c
2006
300
_a
162
650
_a
General Books
942
_2
ddc
_c
BK
999
_c
746
_d
746